000 00445nam a22001577a 4500
005 20240506064156.0
008 240506b |||||||| |||| 00| 0 eng d
041 _aEnglish
082 _a349 LAW
100 _lEnglish
245 _aThe Law Report : King's Bench Division
260 _aLondon:
_bTHE COUNCIL,
_c1941
300 _bxxi, 761 pages;
_c25 cm.
650 _aLegal practice
_bLaw
942 _cBK
_6ALISON_BN_VRIES
999 _c1604
_d1604